00605nam a2200205Ia 4500001000700000003000500007008004100012010001100053040000900064082001600073100009500089245004300184260004200227300002500269440000500294500000500299503000500304650004400309650004600353Z_4363CHAP220113s1984 xx 000 0 und d a167433 cCHAP a636.0098 C6 aConferencia Anual sobre Ganadería y Avicultura en América Latina (18 : 1984 : Florida) aPonencias /cby University of Florida aGainesville :bLa Universidad,c1984 a1v. sin paginación a a a aAviculturaxAmérica LatinaxCongresos aGanaderíaxAmérica LatinaxCongresos